Normal view
MARC view
- القضاة، هشام فواز حسين
Entry Personal Name
001 - CONTROL NUMBER
- control field: 66239
003 - CONTROL NUMBER IDENTIFIER
- control field: JO-AjAnu
005 - DATE AND TIME OF LATEST TRANSACTION
- control field: 20240918125521.0
008 - FIXED-LENGTH DATA ELEMENTS
- fixed length control field: 240918|| aca||aabn | a|a d
040 ## - CATALOGING SOURCE
- Original cataloging agency: JO-AjAnu
100 ## - HEADING--PERSONAL NAME
- Personal name: القضاة، هشام فواز حسين
- Relator term: معد